000 00423nam a2200145Ia 4500
008 090122s9999 xx 000 0 und d
082 _b5585
_a891.4683
100 _aभोगले
_bप्रभाकर
245 _aमालवणी खाजा
600 _aभोगले
630 _aमालवणी खाजा
700 _aभोगले
730 _aमालवणी खाजा
942 _cBOOK
999 _c29663
_d29663